[Event "DSOL 06 Liga Gr-D 1st"]
[Site "Playchess.com INT"]
[Date "2020.08.07"]
[Round "7.2"]
[White "Schmitt, Axel"]
[Black "Bernhofen, Helmut"]
[Result "1-0"]
[WhiteElo "1862"]
[BlackElo "1404"]
[PlyCount "117"]
[EventDate "2020.06.22"]
[EventType "team-tourn (rapid)"]
[EventCountry "GER"]
[SourceTitle "EXT 2021"]
[Source "ChessBase"]
[SourceDate "2020.10.23"]
[SourceVersion "1"]
[SourceVersionDate "2020.10.23"]
[SourceQuality "1"]
[WhiteTeam "Windach"]
[BlackTeam "Kreuzberg II"]
[WhiteTeamCountry "GER"]
[BlackTeamCountry "GER"]

1. d4 Nf6 2. Bg5 d6 3. Bxf6 exf6 4. e3 Nd7 5. g3 Be7 6. Bg2 Rb8 7. Ne2 0-0 8. c4 c6 9. Nbc3 Re8 10. 0-0 f5 11. b4 Nf6 12. a4 Bd7 13. a5 a6 14. Qd3 Bf8 15. Rfb1 g6 16. Na4 Re7 17. Nb6 Be8 18. Nc3 Nd7 19. Nxd7 Bxd7 20. b5 Qc8 21. bxa6 bxa6 22. Na4 Be8 23. Rxb8 Qxb8 24. Rb1 Rb7 25. Rb6 Rxb6 26. Nxb6 Be7 27. Qc2 Bd8 28. c5 d5 29. Bf1 Qb7 30. Qd3 Bc7 31. Qxa6 Qxa6 32. Bxa6 Bb8 33. Bb7 Kf8 34. a6 Ke7 35. a7 Bxa7 36. Nc8+ Kd7 37. Nxa7 Kc7 38. Bxc6 Bxc6 39. Nxc6 Kxc6 40. Kf1 h5 41. h4 f6 42. Ke2 g5 43. Kd3 g4 44. Kc3 Kb5 45. Kb3 Ka5 46. c6 Kb6 47. Kb4 Kxc6 48. Ka5 f4 49. gxf4 f5 50. Ka6 Kc7 51. Kb5 Kd6 52. Kb6 Kd7 53. Kc5 Ke6 54. Kc6 Ke7 55. Kxd5 Kf6 56. Kd6 Kf7 57. Ke5 Kg6 58. Ke6 Kg7 59. Kxf5 1-0

[Event "DSOL 06 Liga Gr-D 1st"]
[Site "Playchess.com INT"]
[Date "2020.07.31"]
[Round "6.2"]
[White "Boelke, Mark"]
[Black "Schmitt, Axel"]
[Result "0-1"]
[WhiteElo "1653"]
[BlackElo "1862"]
[PlyCount "66"]
[EventDate "2020.06.22"]
[EventType "team-tourn (rapid)"]
[EventCountry "GER"]
[SourceTitle "EXT 2021"]
[Source "ChessBase"]
[SourceDate "2020.10.23"]
[SourceVersion "1"]
[SourceVersionDate "2020.10.23"]
[SourceQuality "1"]
[WhiteTeam "Hamburger SK VI"]
[BlackTeam "Windach"]
[WhiteTeamCountry "GER"]
[BlackTeamCountry "GER"]

1. d4 d5 2. c4 Nc6 3. Nf3 Bg4 4. Nc3 Nf6 5. cxd5 Bxf3 6. dxc6 Bxc6 7. Bf4 e6 8. f3 Bd6 9. Bxd6 Qxd6 10. a3 Rd8 11. e3 a6 12. Bd3 e5 13. dxe5 Qxe5 14. Qe2 0-0 15. 0-0 Rfe8 16. e4 Qd4+ 17. Qf2 Qxf2+ 18. Kxf2 Rxd3 19. Rad1 Red8 20. Rxd3 Rxd3 21. Ke2 Rd7 22. Rc1 Kf8 23. Ke3 Ke7 24. Ke2 Nh5 25. Ke3 h6 26. b4 g5 27. Ne2 Bb5 28. Nd4 Ng7 29. Rc5 Rxd4 30. Kxd4 Ne6+ 31. Kd5 Nxc5 32. Kxc5 Bf1 33. g3 Bg2 0-1

[Event "Oberliga Wuerttemberg 0001"]
[Site "Wuerttemberg"]
[Date "2001.01.07"]
[Round "4.5"]
[White "Maeurer, Christoph"]
[Black "Schmitt, Axel"]
[Result "1/2-1/2"]
[WhiteElo "2294"]
[BlackElo "2318"]
[PlyCount "82"]
[EventDate "2000.10.15"]
[EventType "team"]
[EventRounds "9"]
[EventCountry "GER"]
[SourceTitle "EXT 2002"]
[Source "ChessBase"]
[SourceDate "2001.11.25"]
[SourceVersion "1"]
[SourceVersionDate "2001.11.25"]
[SourceQuality "1"]

1. e4 Nf6 2. e5 Nd5 3. d4 d6 4. Nf3 Bg4 5. Be2 e6 6. 0-0 Be7 7. h3 Bh5 8. c4 Nb6 9. Nc3 0-0 10. Be3 d5 11. c5 Bxf3 12. gxf3 Nc8 13. f4 Bh4 14. Bd3 g6 15. f5 exf5 16. Qf3 Nc6 17. Kh1 Kh8 18. Rg1 f6 19. e6 N8e7 20. Rad1 Qc8 21. Nxd5 Nxd5 22. Qxd5 Rd8 23. Qc4 Na5 24. Qa4 Qxe6 25. Qxa5 f4 26. Rg4 g5 27. Bxf4 Rxd4 28. Be3 Qd5+ 29. Kh2 Rxd3 30. Rxd3 Qxd3 31. Rd4 Qf5 32. Qxc7 Bxf2 33. Rd8+ Rxd8 34. Qxd8+ Kg7 35. Qe7+ Kg6 36. Qe8+ Kh6 37. Qf8+ Kg6 38. Qe8+ Kg7 39. Qe7+ Kh6 40. Qf8+ Kh5 41. Qf7+ Kh6 1/2-1/2

[Event "Oberliga Wuerttemberg 0001"]
[Site "Wuerttemberg"]
[Date "2000.10.15"]
[Round "1.5"]
[White "Frick, Christoph"]
[Black "Schmitt, Axel"]
[Result "1/2-1/2"]
[WhiteElo "2169"]
[BlackElo "2318"]
[PlyCount "80"]
[EventDate "2000.10.15"]
[EventType "team"]
[EventRounds "9"]
[EventCountry "GER"]
[SourceTitle "EXT 2002"]
[Source "ChessBase"]
[SourceDate "2001.11.25"]
[SourceVersion "1"]
[SourceVersionDate "2001.11.25"]
[SourceQuality "1"]

1. e4 Nf6 2. Nc3 d5 3. e5 Ne4 4. d4 Bf5 5. Bd3 Nxc3 6. bxc3 Bxd3 7. cxd3 e6 8. Nf3 Be7 9. Ba3 Nc6 10. Bxe7 Nxe7 11. Rb1 b6 12. 0-0 0-0 13. Nh4 Rc8 14. f4 Qd7 15. g4 f5 16. exf6 Rxf6 17. Qe2 Rcf8 18. Rbe1 Rxf4 19. Rxf4 Rxf4 20. Ng2 Rf6 21. g5 Rf5 22. h4 Qd6 23. Qxe6+ Qxe6 24. Rxe6 Kf7 25. Re2 c5 26. Ne3 Rf4 27. dxc5 bxc5 28. Rf2 Rxf2 29. Kxf2 Ke6 30. Kf3 Ng6 31. Ng2 Ne5+ 32. Ke3 Kf5 33. d4 Ng4+ 34. Kf3 cxd4 35. cxd4 h6 36. gxh6 gxh6 37. Nf4 Nh2+ 38. Ke3 Ng4+ 39. Kf3 Nh2+ 40. Ke3 Ng4+ 1/2-1/2

[Event "Oberliga Wuerttemberg 9798"]
[Site "Wuerttemberg"]
[Date "1998.01.11"]
[Round "6"]
[White "Schmitt, Axel"]
[Black "Trachtmann, Mark"]
[Result "0-1"]
[WhiteElo "2310"]
[BlackElo "2280"]
[PlyCount "46"]
[EventDate "1997.09.??"]
[EventType "team"]
[EventRounds "9"]
[EventCountry "GER"]
[SourceTitle "EXT 1999"]
[Source "ChessBase"]
[SourceDate "1998.11.16"]
[SourceVersion "1"]
[SourceVersionDate "1998.11.16"]
[SourceQuality "1"]

1. Nf3 g6 2. c4 Bg7 3. e4 d6 4. Be2 Nc6 5. d4 Bg4 6. Ng1 Bxe2 7. Nxe2 e5 8. Be3 exd4 9. Nxd4 Qf6 10. Nxc6 bxc6 11. Nc3 Ne7 12. 0-0 0-0 13. Re1 Rfb8 14. Re2 Rb4 15. e5 dxe5 16. Bc5 Rbb8 17. Qd7 Nf5 18. Rae1 Qe6 19. Qxc7 Rc8 20. Qb7 Qxc4 21. Ne4 Qb5 22. Nd6 Nxd6 23. Qxb5 Nxb5 0-1

[Event "Gyula op"]
[Site "Gyula"]
[Date "1996.??.??"]
[Round "?"]
[White "Grunberg, Mihai Lucian"]
[Black "Schmitt, Axel"]
[Result "1/2-1/2"]
[WhiteElo "2310"]
[BlackElo "2350"]
[PlyCount "21"]
[EventDate "1996.??.??"]
[EventType "swiss"]
[EventRounds "9"]
[EventCountry "HUN"]
[SourceTitle "EXT 2001"]
[Source "ChessBase"]
[SourceDate "2000.11.22"]
[SourceVersion "1"]
[SourceVersionDate "2000.11.22"]
[SourceQuality "1"]

1. Nf3 Nf6 2. c4 c5 3. g3 b6 4. Bg2 Bb7 5. 0-0 e6 6. Nc3 Be7 7. d4 cxd4 8. Qxd4 d6 9. b3 0-0 10. Rd1 Qc8 11. Ba3 1/2-1/2

[Event "Bodensee-Cup 2nd"]
[Site "Germany"]
[Date "1996.??.??"]
[Round "3"]
[White "Schmitt, Axel"]
[Black "Tischer, Guenter"]
[Result "1/2-1/2"]
[WhiteElo "2350"]
[BlackElo "2340"]
[PlyCount "98"]
[EventDate "1996.??.??"]
[EventType "team-tourn"]
[EventRounds "3"]
[EventCountry "GER"]
[SourceTitle "CBM 053 Extra"]
[Source "ChessBase"]
[SourceDate "1996.09.01"]
[SourceVersion "1"]
[SourceVersionDate "1996.09.01"]
[SourceQuality "1"]

1. d4 Nf6 2. Nc3 d5 3. Bg5 e6 4. e4 dxe4 5. Nxe4 Be7 6. Bxf6 Bxf6 7. Nf3 Bd7 8. Qd3 Bc6 9. 0-0-0 Nd7 10. h4 Qe7 11. g4 h6 12. Bg2 g6 13. g5 hxg5 14. hxg5 Bg7 15. Rxh8+ Bxh8 16. Nh2 0-0-0 17. f4 f5 18. gxf6 Nxf6 19. Nxf6 Bxg2 20. Qxg6 Qxf6 21. Qxg2 Qxf4+ 22. Kb1 Bxd4 23. Nf3 Bf6 24. Rxd8+ Kxd8 25. Qd2+ Qxd2 26. Nxd2 Be7 27. c3 Kd7 28. Kc2 Kd6 29. Kd3 Ke5 30. Nc4+ Kf4 31. Na5 Kf3 32. Nb3 e5 33. Nd2+ Kf4 34. a4 a5 35. Ne4 b6 36. Nd2 Bd6 37. Ne4 Kf3 38. Ng5+ Kf2 39. Kd2 Bf8 40. Ne4+ Kf3 41. Kd3 Be7 42. Nd2+ Kf2 43. Nc4 Bd6 44. b4 axb4 45. cxb4 Bxb4 46. Nxe5 Ke1 47. Kc4 Bd6 48. Nc6 Kd2 49. a5 bxa5 1/2-1/2

[Event "Oberliga Wuerttemberg 9495"]
[Site "Wuerttemberg"]
[Date "1995.??.??"]
[Round "?"]
[White "Bachler, Reinhard"]
[Black "Schmitt, Axel"]
[Result "0-1"]
[WhiteElo "2230"]
[BlackElo "2350"]
[PlyCount "84"]
[EventDate "1994.10.??"]
[EventType "team"]
[EventRounds "9"]
[EventCountry "GER"]
[SourceTitle "GER"]
[Source "ChessBase"]
[SourceDate "1999.07.01"]
[SourceVersion "1"]
[SourceVersionDate "1999.07.01"]
[SourceQuality "1"]

1. f4 g6 2. Nf3 d5 3. e3 Bg7 4. Be2 Nf6 5. 0-0 0-0 6. d3 c5 7. Ne5 Nfd7 8. Nxd7 Qxd7 9. e4 Nc6 10. Nd2 b6 11. c3 Rd8 12. Qc2 Ba6 13. Nf3 Rac8 14. h3 dxe4 15. dxe4 Nb4 16. cxb4 cxb4 17. Qd2 Qxd2 18. Bxa6 Qc2 19. Bxc8 Rxc8 20. e5 e6 21. b3 Bf8 22. Be3 Bc5 23. Bxc5 bxc5 24. Rf2 Qd3 25. Nd2 Rd8 26. Nc4 Rd4 27. Raf1 Rxc4 28. bxc4 Qxc4 29. Rd2 a5 30. h4 a4 31. h5 Kg7 32. Rd7 b3 33. axb3 axb3 34. h6+ Kxh6 35. Rxf7 b2 36. Rb7 Qc1 37. g4 Qe3+ 38. Rf2 Qe1+ 39. Rf1 Qg3+ 40. Kh1 Qh3+ 41. Kg1 Qxg4+ 42. Kh2 Qe2+ 0-1

[Event "Bodensee-Cup 1st"]
[Site "Germany"]
[Date "1995.??.??"]
[Round "?"]
[White "Beikert, Guenther"]
[Black "Schmitt, Axel"]
[Result "1-0"]
[WhiteElo "2440"]
[BlackElo "2355"]
[PlyCount "97"]
[EventDate "1995.??.??"]
[EventType "team-tourn"]
[EventRounds "3"]
[EventCountry "GER"]
[SourceTitle "EXT 1999"]
[Source "ChessBase"]
[SourceDate "1998.11.16"]
[SourceVersion "1"]
[SourceVersionDate "1998.11.16"]
[SourceQuality "1"]
[WhiteTeam "Baden"]
[BlackTeam "Wuerttemberg"]
[WhiteTeamCountry "GER"]
[BlackTeamCountry "GER"]

1. g3 Nf6 2. Bg2 d5 3. Nf3 c6 4. 0-0 Bg4 5. b3 Nbd7 6. Bb2 e6 7. d3 Bd6 8. Nbd2 0-0 9. h3 Bxf3 10. Nxf3 Qe7 11. c4 Ba3 12. Bxa3 Qxa3 13. Qc1 Qe7 14. Qb2 Rfe8 15. cxd5 exd5 16. e3 Ne5 17. Nxe5 Qxe5 18. Qxe5 Rxe5 19. d4 Re7 20. b4 a5 21. a3 b5 22. a4 axb4 23. axb5 Rxa1 24. Rxa1 cxb5 25. Bxd5 Kf8 26. Bf3 Ne8 27. Rb1 Nd6 28. Rxb4 Ra7 29. Bc6 Ra6 30. d5 Ke7 31. Kg2 Kd8 32. Rb1 Ra5 33. g4 Kc7 34. Rc1 Kd8 35. Rc2 Ra3 36. Rb2 Ra6 37. g5 Rb6 38. Rb4 Kc7 39. e4 f6 40. gxf6 gxf6 41. f4 Ra6 42. e5 fxe5 43. fxe5 Ra2+ 44. Kg3 Nf5+ 45. Kg4 Ne7 46. Rxb5 Ra4+ 47. Kg5 h6+ 48. Kf6 Nxc6 49. Rc5 1-0

[Event "Bodensee-Cup 1st"]
[Site "Germany"]
[Date "1995.??.??"]
[Round "?"]
[White "Huss, Andreas"]
[Black "Schmitt, Axel"]
[Result "0-1"]
[WhiteElo "2415"]
[BlackElo "2355"]
[PlyCount "100"]
[EventDate "1995.??.??"]
[EventType "team-tourn"]
[EventRounds "3"]
[EventCountry "GER"]
[SourceTitle "EXT 1999"]
[Source "ChessBase"]
[SourceDate "1998.11.16"]
[SourceVersion "1"]
[SourceVersionDate "1998.11.16"]
[SourceQuality "1"]
[WhiteTeam "Switzerland"]
[BlackTeam "Wuerttemberg"]
[WhiteTeamCountry "SUI"]
[BlackTeamCountry "GER"]

1. d4 Nf6 2. Nf3 c6 3. c4 d5 4. cxd5 cxd5 5. Nc3 Nc6 6. Bf4 Bf5 7. e3 e6 8. Ne5 Nd7 9. Nxc6 bxc6 10. Be2 Be7 11. 0-0 0-0 12. Bf3 c5 13. e4 dxe4 14. Nxe4 g5 15. Nd6 gxf4 16. Nxf5 exf5 17. Bxa8 Qxa8 18. Rc1 c4 19. Rxc4 Nf6 20. Re1 Qd5 21. Ra4 Bd6 22. Rxa7 Rb8 23. b3 Rb4 24. Qf3 Rxd4 25. Qxd5 Rxd5 26. Kf1 Kg7 27. Rc1 Rd2 28. Ra6 Be5 29. Re1 Bc3 30. Rc6 Ne4 31. Rxe4 Rd1+ 32. Ke2 Re1+ 33. Kf3 fxe4+ 34. Kxf4 Bd2+ 35. Kf5 e3 36. fxe3 Rxe3 37. Rc2 Re2 38. h4 Rxg2 39. Ke4 Rg4+ 40. Kf3 Rd4 41. h5 Bg5 42. Rc5 Kf6 43. Rb5 Rf4+ 44. Kg3 Rf5 45. Rb6+ Ke7 46. Kg4 Rd5 47. Rb7+ Ke8 48. a4 Bd2 49. h6 Rd4+ 50. Kf5 Rb4 0-1

[Event "Oberliga Wuerttemberg 9596"]
[Site "Wuerttemberg"]
[Date "1995.??.??"]
[Round "?"]
[White "Schmitt, Axel"]
[Black "Holzhaeuer, Mathias"]
[Result "1/2-1/2"]
[WhiteElo "2350"]
[BlackElo "2315"]
[PlyCount "58"]
[EventDate "1995.10.??"]
[EventType "team"]
[EventRounds "9"]
[EventCountry "GER"]
[SourceTitle "EXT 1999"]
[Source "ChessBase"]
[SourceDate "1998.11.16"]
[SourceVersion "1"]
[SourceVersionDate "1998.11.16"]
[SourceQuality "1"]

1. Nf3 Nf6 2. c4 e6 3. g3 c5 4. Bg2 Be7 5. Nc3 0-0 6. 0-0 a6 7. d4 cxd4 8. Qxd4 Qc7 9. Rd1 d6 10. b3 Nbd7 11. Ba3 Qa5 12. Bb2 Rd8 13. Ne4 Nc5 14. Bc3 Qc7 15. Nxc5 dxc5 16. Qe5 Bd6 17. Qe3 Ne8 18. Rd3 b6 19. Ng5 Bb7 20. Rad1 Bxg2 21. Kxg2 Be7 22. Nf3 Rxd3 23. Rxd3 Qc6 24. Kg1 f6 25. h4 Kf7 26. Qf4 Kg8 27. Qg4 Rd8 28. Rxd8 Bxd8 29. Qf4 Bc7 1/2-1/2

[Event "Bodensee-Cup 1st"]
[Site "Germany"]
[Date "1995.??.??"]
[Round "?"]
[White "Schmitt, Axel"]
[Black "Reich, Thomas"]
[Result "0-1"]
[WhiteElo "2355"]
[BlackElo "2400"]
[PlyCount "150"]
[EventDate "1995.??.??"]
[EventType "team-tourn"]
[EventRounds "3"]
[EventCountry "GER"]
[SourceTitle "EXT 1999"]
[Source "ChessBase"]
[SourceDate "1998.11.16"]
[SourceVersion "1"]
[SourceVersionDate "1998.11.16"]
[SourceQuality "1"]
[WhiteTeam "Wuerttemberg"]
[BlackTeam "Bayern Muenchen"]
[WhiteTeamCountry "GER"]
[BlackTeamCountry "GER"]

1. Nf3 g6 2. e4 c5 3. c3 d6 4. d4 Qc7 5. Bb5+ Bd7 6. Bxd7+ Nxd7 7. 0-0 Bg7 8. Qe2 Nh6 9. Bf4 0-0 10. h3 Kh8 11. Rd1 Ng8 12. Na3 Rad8 13. Rac1 b6 14. Nb5 Qb8 15. a4 a6 16. Na3 Qb7 17. d5 Ngf6 18. c4 Nh5 19. Bh2 Bh6 20. Rc2 Nf4 21. Qe1 Qc7 22. Kh1 e5 23. dxe6 fxe6 24. Rcd2 Ne5 25. Nxe5 dxe5 26. Bxf4 exf4 27. Rxd8 Rxd8 28. Rd2 Bg7 29. b3 Bd4 30. Nc2 Qe5 31. Qe2 h5 32. Ne1 Qf6 33. Nf3 Kg7 34. Qd1 e5 35. h4 Qe6 36. Ng5 Qd7 37. Ra2 Kf6 38. a5 b5 39. cxb5 Qxb5 40. Qf3 Qf1+ 41. Kh2 Re8 42. Re2 Re7 43. b4 c4 44. b5 c3 45. bxa6 Kg7 46. Rc2 Kh6 47. Re2 Ba7 48. Rc2 Rd7 49. Nh3 Rd3 50. Rc1 Rxf3 51. Rxf1 Rd3 52. Rc1 Kg7 53. Rc2 Kf6 54. Ng5 Ke7 55. Nf3 Kd6 56. Ne1 Rd1 57. Nf3 Ra1 58. Rxc3 Bxf2 59. Rd3+ Ke6 60. g3 fxg3+ 61. Kg2 Rxa5 62. Ng5+ Ke7 63. Rd5 Rxa6 64. Rxe5+ Kf6 65. Rd5 Ra2 66. Rd6+ Ke5 67. Rxg6 Be1+ 68. Kg1 Bc3 69. Nh7 Kf4 70. Rg8 Bd4+ 71. Kf1 Rf2+ 72. Kg1 Rh2+ 73. Kf1 Rxh4 74. Rf8+ Kxe4 75. Kg2 Rh2+ 0-1

[Event "FRA-chT"]
[Site "France"]
[Date "1995.??.??"]
[Round "2"]
[White "Schmitt, Axel"]
[Black "Renet, Olivier"]
[Result "1/2-1/2"]
[WhiteElo "2355"]
[BlackElo "2530"]
[PlyCount "83"]
[EventDate "1995.??.??"]
[EventType "team"]
[EventRounds "5"]
[EventCountry "FRA"]
[SourceTitle "EXT 2005"]
[Source "ChessBase"]
[SourceDate "2004.11.15"]
[SourceVersion "1"]
[SourceVersionDate "2004.11.15"]
[SourceQuality "1"]

1. e4 c5 2. c3 d5 3. exd5 Qxd5 4. d4 Nf6 5. Nf3 e6 6. Bd3 Be7 7. 0-0 0-0 8. Be3 cxd4 9. cxd4 Nc6 10. Nc3 Qd8 11. a3 b6 12. Rc1 Bb7 13. Qe2 Rc8 14. Rfd1 Nd5 15. Nxd5 Qxd5 16. Bc4 Qh5 17. d5 exd5 18. Rxd5 Qg6 19. Rd7 Ba8 20. Bd5 Qg4 21. Bxc6 Rxc6 22. Rxe7 Rg6 23. Bg5 Rxg5 24. Ne1 Qxe2 25. Rxe2 h6 26. f3 Rd5 27. Rc7 a5 28. Nc2 Rd6 29. Kf2 Rfd8 30. Ne3 Rc6 31. Rc2 Rxc7 32. Rxc7 Bd5 33. Nxd5 Rxd5 34. Ke3 Rh5 35. h3 Rb5 36. Rc2 Rb3+ 37. Kd2 Kh7 38. Kc1 Re3 39. Kd2 Rb3 40. Kc1 Re3 41. Kd2 Rb3 42. Kc1 1/2-1/2

[Event "Oberliga Wuerttemberg 9495"]
[Site "Wuerttemberg"]
[Date "1995.??.??"]
[Round "?"]
[White "Schmitt, Axel"]
[Black "Wilde, Pierre"]
[Result "0-1"]
[WhiteElo "2350"]
[BlackElo "2295"]
[PlyCount "64"]
[EventDate "1994.10.??"]
[EventType "team"]
[EventRounds "9"]
[EventCountry "GER"]
[SourceTitle "GER"]
[Source "ChessBase"]
[SourceDate "1999.07.01"]
[SourceVersion "1"]
[SourceVersionDate "1999.07.01"]
[SourceQuality "1"]

1. Nf3 Nf6 2. c4 e6 3. g3 b6 4. Bg2 Bb7 5. 0-0 Be7 6. Nc3 0-0 7. d4 Ne4 8. Qc2 Nxc3 9. Qxc3 f5 10. d5 Bf6 11. Qc2 Na6 12. Rd1 Qe8 13. Nd4 Bxd4 14. Rxd4 e5 15. Rh4 d6 16. a4 Nb4 17. Qb1 a5 18. Ra3 Bc8 19. g4 g6 20. gxf5 Bxf5 21. Be4 Qe7 22. Rh6 Na6 23. Rg3 Qf7 24. Bxf5 Qxf5 25. Qxf5 Rxf5 26. h4 Kg7 27. Bg5 Nc5 28. f3 Raf8 29. Kg2 e4 30. f4 Rxf4 31. Bxf4 Rxf4 32. Rh5 h6 0-1